Graphe des départements français - Statistiques

Statistiques générales
  • Ce quiz a été pris 540 fois
  • Le résultat moyen est 40 sur 96
Réponses sur la Carte
Les réponses sont colorées sur une échelle allant du rouge au vert en fonction du pourcentage des utilisateurs qui les ont devinées à leur premier essai. Vous pouvez retrouver ces pourcentages ci-dessous.
 
Statistiques - réponses
Réponse % Correct
29 - Finistère
89%
22 - Côtes-d'Armor
78%
56 - Morbihan
77%
35 - Ille-et-Vilaine
75%
44 - Loire-Atlantique
71%
14 - Calvados
64%
50 - Manche
63%
17 - Charente-Maritime
61%
85 - Vendée
59%
16 - Charente
57%
59 - Nord
56%
2A - Corse-du-Sud
55%
53 - Mayenne
55%
75 - Paris
55%
2B - Haute-Corse
54%
33 - Gironde
53%
49 - Maine-et-Loire
53%
40 - Landes
52%
76 - Seine-Maritime
51%
64 - Pyrénées-Atlantiques
50%
13 - Bouches-du-Rhône
49%
61 - Orne
49%
66 - Pyrénées-Orientales
49%
80 - Somme
49%
06 - Alpes-Maritimes
48%
60 - Oise
48%
72 - Sarthe
48%
65 - Hautes-Pyrénées
46%
93 - Seine-Saint-Denis
46%
02 - Aisne
45%
08 - Ardennes
45%
34 - Hérault
45%
62 - Pas-de-Calais
45%
67 - Bas-Rhin
45%
83 - Var
45%
92 - Hauts-de-Seine
45%
95 - Val-d'Oise
44%
04 - Alpes-de-Haute-Provence
43%
05 - Hautes-Alpes
43%
77 - Seine-et-Marne
43%
79 - Deux-Sèvres
43%
11 - Aude
42%
09 - Ariège
41%
30 - Gard
41%
68 - Haut-Rhin
41%
78 - Yvelines
41%
91 - Essonne
41%
94 - Val-de-Marne
41%
31 - Haute-Garonne
40%
73 - Savoie
40%
90 - Territoire-de-Belfort
40%
24 - Dordogne
39%
74 - Haute-Savoie
39%
32 - Gers
38%
84 - Vaucluse
38%
28 - Eure-et-Loir
37%
55 - Meuse
37%
01 - Ain
35%
27 - Eure
34%
37 - Indre-et-Loire
34%
51 - Marne
34%
86 - Vienne
34%
87 - Haute-Vienne
34%
10 - Aube
33%
21 - Côte-d'Or
33%
25 - Doubs
33%
39 - Jura
33%
46 - Lot
33%
47 - Lot-et-Garonne
33%
89 - Yonne
33%
54 - Meurthe-et-Moselle
32%
63 - Puy-de-Dôme
32%
69 - Rhône
32%
88 - Vosges
32%
03 - Allier
31%
15 - Cantal
31%
45 - Loiret
31%
48 - Lozère
31%
52 - Haute-Marne
31%
12 - Aveyron
30%
19 - Corrèze
30%
23 - Creuse
30%
38 - Isère
30%
42 - Loire
30%
57 - Moselle
30%
07 - Ardèche
29%
43 - Haute-Loire
29%
58 - Nièvre
29%
71 - Saône-et-Loire
29%
36 - Indre
28%
26 - Drôme
27%
41 - Loir-et-Cher
27%
70 - Haute-Saône
27%
81 - Tarn
27%
18 - Cher
26%
82 - Tarn-et-Garonne
25%
Aucun quiz correspondant
Distribution des résultats
% des personnes avec chaque résultat
Percentile par nombre de réponses
Votre historique - résultats
Vous n’avez pas pris ce quiz